• 首页
  • 本馆介绍
  • 公告通知
  • 最新文献
  • 馆藏检索
  • 电子资源
  • 读者导购
  • 参考咨询
  • 我的图书馆
  • 登录
  • 详细信息显示
  • 放入我的书架
  • 预约/预借图书
  • 作者相关作品
  • 分类相关作品
  • 丛书相关作品
  • 出版社相关作品

书目信息

  • 表格格式
  • 工作单格式
  • 卡片格式
题名:
亘古繁衍的生命
    
 
作者: 熊思东 , 高海峰 主编
分册:  
出版信息: 上海   上海科学技术文献出版社  2005
页数: 235页
开本: 25cm
丛书名: 《原来如此》丛书
单 册:
中图分类: Q1-0
科图分类:
主题词: 生命科学--普及读物
电子资源:
ISBN: 7-5439-2581-8
000 00953nam0 2200265 450
001 TS2006044439
005 20061207150308.39
010    @a7-5439-2581-8@dCNY28.00
100    @a20060829d2005 em y0chiy0110 ea
101 0  @achi
102    @aCN@b310000
105    @aa z 000yy
200 1  @a亘古繁衍的生命@AGen Gu Fan Yan De Sheng Ming@f熊思东,高海峰主编@FXiong Si Dong, Gao Hai Feng Zhu Bian
210    @a上海@c上海科学技术文献出版社@d2005
215    @a235页@c图@d25cm
225 2  @a《原来如此》丛书
300    @a上海科普创作出版专项资金的资助
330    @a本书从生命的起源入手,再从原核生物到真核生物,从简单生命活动到复杂的人类生活,从生理条件下的生命现象到病理状态下的生命改变,直至生命现象的结束。
410  0 @12001 @a《原来如此》丛书
606 0  @a生命科学@x普及读物
690    @aQ1-0@v4
701  0 @a熊思东@AXiong Si Dong@4主编
701  0 @a高海峰@AGao Hai Feng@4主编
801  0 @aCN@b中图数据@c20061207
905    @a10447@dQ1-0@e105
    
    亘古繁衍的生命/熊思东,高海峰主编.-上海:上海科学技术文献出版社,2005
    235页:图;25cm.-(《原来如此》丛书)
    上海科普创作出版专项资金的资助
    
    ISBN 7-5439-2581-8:CNY28.00
    本书从生命的起源入手,再从原核生物到真核生物,从简单生命活动到复杂的人类生活,从生理条件下的生命现象到病理状态下的生命改变,直至生命现象的结束。
●
相关链接 在E读中查询图书 在五车中查询图书 在当当中查询图书 在豆瓣中查询图书


正题名:亘古繁衍的生命     索取号:Q1-0/105         预约/预借

序号 登录号 条形码 馆藏地/架位号 状态 备注
1 0601737   206017371   第二样本阅览室/ [索取号:Q1-0/105] 在馆    
2 0601738   206017380   第三借阅区/ [索取号:Q1-0/105] 在馆    
唐山师范学院图书馆 欢迎您!
大连网信软件有限公司© 版权所有